000 00436nam a2200181Ia 4500
001 15555
005 20260306170204.0
008 260306t2000||||xx |||||||||||||| ||und||
041 _aESP
082 _a546
_bR28
100 _aRayner-Canham, Geoff
_eAUT
245 0 _aQuímica inorgánica descriptiva
260 _c2000
300 _axxviii, 595 páginas :
_c26 cm.
650 _aGEN
654 _aCCN
942 _cLIB
_dJUS
_fJUS
_2ddc
_n
999 _c15555
_d15555